| 000 | 00430nam a2200169Ia 4500 | ||
|---|---|---|---|
| 003 | OSt | ||
| 005 | 20220107122742.0 | ||
| 008 | 130318s9999 xx 000 0 und d | ||
| 040 | _cIIITM-K | ||
| 082 | _a658.31125 KAR/G | ||
| 100 |
_aKarna, Binay _94700 |
||
| 245 |
_aGeneral knowledge _cby Binay Karna |
||
| 260 |
_bLucent Publication, _aPatna, _c2013. |
||
| 300 | _a662p. | ||
| 650 |
_aGENERAL KNOWLEDGE _94701 |
||
| 942 |
_2ddc _cRBK |
||
| 999 |
_c3997 _d3997 |
||